Agricultural biotechnology (Record no. 359052)

MARC details
000 -LEADER
fixed length control field 00497 a2200193 4500
005 - DATE & TIME
control field 20250428152555.0
008 - FIXED-LENGTH DATA ELEMENTS--GENERAL INFORMATION
fixed length control field 250428b |||||||| |||| 00| 0 eng d
020 ## - ISBN
International Standard Book Number 9788181923134
Price Rs. 1680.00
040 ## - CATALOGING SOURCE
Original cataloging agency VIVEKANANDA LIBRARY
082 ## - DDC NUMBER
Classification number 660.602463
Book Number G239A(2)
100 ## - MAIN ENTRY--PERSONAL NAME
Personal name Gautam,V K
245 ## - TITLE STATEMENT
Title Agricultural biotechnology
250 ## - EDITION STATEMENT
Edition statement 2nd
260 ## - PUBLICATION, DISTRIBUTION, ETC. (IMPRINT)
Name of publisher, distributor, etc Sublime Publications
Date of publication, distribution, etc 2022
Place of publication, distribution, etc Jaipur
300 ## - PHYSICAL DESCRIPTION
Pages vi, 312
650 ## - Subject
Subject Biotechnology
650 ## - Subject
Subject Agriculture Biotechnology
942 ## - ADDED ENTRY ELEMENTS (KOHA)
Koha item type Books
Holdings
Withdrawn status Lost status Source of classification or shelving scheme Damaged status Not for loan Location (home branch) Sublocation or collection (holding branch) Shelving location Date acquired Koha issues (times borrowed) Koha full call number Accession No. Koha date last seen Koha item type
    Dewey Decimal Classification     VIVEKANANDA LIBRARY VIVEKANANDA LIBRARY Vivekananda Library 23/12/2024   660.602463 G239A(2) 394687 23/12/2024 Books
© Designed and Maintained by Vivekananda Library, MDU Rohtak